[Event "Oberliga Wuerttemberg 2122"]
[Site "Wuerttemberg"]
[Date "2022.05.15"]
[Round "9.6"]
[White "Koellner, Aaron Noah"]
[Black "Carstens, Andreas"]
[Result "1/2-1/2"]
[WhiteElo "2162"]
[BlackElo "2122"]
[PlyCount "156"]
[EventDate "2021.09.19"]
[EventType "team-tourn"]
[EventRounds "9"]
[EventCountry "GER"]
[SourceTitle "EXT 2024"]
[Source "ChessBase"]
[SourceDate "2023.10.10"]
[SourceVersion "1"]
[SourceVersionDate "2023.10.10"]
[SourceQuality "1"]
[WhiteTeam "Deizisau II"]
[BlackTeam "Bebenhausen"]
[WhiteTeamCountry "GER"]
[BlackTeamCountry "GER"]

1. d4 g6 2. Nf3 Nf6 3. Nbd2 Bg7 4. e4 d6 5. Bc4 0-0 6. 0-0 c6 7. a4 d5 8. Bd3 dxe4 9. Nxe4 Bg4 10. c3 Nxe4 11. Bxe4 Nd7 12. a5 Nf6 13. Bd3 Qd5 14. Be2 Rad8 15. h3 Bf5 16. Be3 a6 17. Re1 Ne4 18. Qa4 Nd6 19. Qb4 Bc8 20. Bg5 Bf6 21. Bf4 Kg7 22. Ne5 Bxe5 23. dxe5 c5 24. Qa4 Nf5 25. Rad1 Qe6 26. Bc4 Rxd1 27. Rxd1 b5 28. Bxe6 bxa4 29. Bc4 Be6 30. Bxe6 fxe6 31. g4 Nd4 32. cxd4 Rxf4 33. dxc5 Rc4 34. Ra1 Rxc5 35. Rxa4 Rxe5 36. f4 Rb5 37. Re4 Rxa5 38. Rxe6 Kf7 39. Rb6 Ra4 40. Kg2 Rxf4 41. Rxa6 Rb4 42. Ra2 Rb3 43. h4 h6 44. h5 gxh5 45. gxh5 Kf6 46. Kf2 Kg5 47. Ra5+ Kg4 48. Re5 Rxb2+ 49. Ke3 Rb7 50. Ke4 Rb1 51. Kd3 Rd1+ 52. Ke2 Rd7 53. Ke3 Ra7 54. Ke4 Ra1 55. Kd3 Rh1 56. Rxe7 Rxh5 57. Ke2 Rf5 58. Rg7+ Kh3 59. Rg6 h5 60. Rg8 h4 61. Rh8 Kg3 62. Rg8+ Kh2 63. Rh8 h3 64. Rg8 Rf4 65. Rg7 Rf8 66. Rg6 Ra8 67. Kf2 Ra2+ 68. Kf1 Rg2 69. Rh6 Kg3 70. Rg6+ Kh2 71. Rh6 Rg7 72. Kf2 Rg4 73. Rh8 Rf4+ 74. Ke3 Rf7 75. Rg8 Rf1 76. Ke2 Rg1 77. Rh8 Kg3 78. Rg8+ Kh2 1/2-1/2

[Event "Oberliga Wuerttemberg 2122"]
[Site "Wuerttemberg"]
[Date "2021.11.28"]
[Round "3.5"]
[White "Seyfried, Claus"]
[Black "Carstens, Andreas"]
[Result "0-1"]
[WhiteElo "2051"]
[BlackElo "2122"]
[PlyCount "142"]
[EventDate "2021.09.19"]
[EventType "team-tourn"]
[EventRounds "9"]
[EventCountry "GER"]
[SourceTitle "EXT 2023"]
[Source "ChessBase"]
[SourceDate "2022.10.05"]
[SourceVersion "1"]
[SourceVersionDate "2022.10.05"]
[SourceQuality "1"]
[WhiteTeam "Stuttgart SF II"]
[BlackTeam "Bebenhausen"]
[WhiteTeamCountry "GER"]
[BlackTeamCountry "GER"]

1. e4 e6 2. d4 d5 3. Nd2 Nf6 4. e5 Nfd7 5. Bd3 c5 6. c3 Nc6 7. Ne2 cxd4 8. cxd4 f6 9. exf6 Nxf6 10. Nf3 Bd6 11. 0-0 Qc7 12. g3 0-0 13. Bf4 e5 14. dxe5 Nxe5 15. Nxe5 Bxe5 16. Rc1 Qd6 17. Qd2 Bh3 18. Rfe1 Ng4 19. Be4 Rad8 20. Bf3 Qb6 21. Bxg4 Bxg4 22. Be3 d4 23. Bg5 d3 24. Nc3 Bf6 25. Bxf6 Qxf6 26. Re3 Qf5 27. Rce1 Bf3 28. Ne4 h6 29. Rxd3 Rxd3 30. Qxd3 Bxe4 31. Qxe4 Qxf2+ 32. Kh1 Qxb2 33. Qd5+ Kh8 34. Qc5 Qf2 35. Qe7 a6 36. Rc1 Rf7 37. Qe4 Qf3+ 38. Qxf3 Rxf3 39. Rc7 b5 40. Kg2 Ra3 41. Rc2 Kh7 42. Kh3 a5 43. Kg4 b4 44. Kf5 Rc3 45. Rb2 Rc5+ 46. Ke4 Kg6 47. Kd4 Rc3 48. Re2 Ra3 49. Rb2 Kf5 50. Re2 Kg4 51. Rf2 g5 52. Kc4 h5 53. Kb5 h4 54. gxh4 Kxh4 55. Rd2 Kh3 56. Re2 g4 57. Rd2 b3 58. axb3 Rxb3+ 59. Kxa5 Rb1 60. Ka4 Rh1 61. Kb3 Rxh2 62. Rd3+ g3 63. Kc3 Re2 64. Rd7 g2 65. Kd3 Rf2 66. Rh7+ Kg3 67. Rg7+ Kh2 68. Rh7+ Kg1 69. Ra7 Rb2 70. Ke3 Rb3+ 71. Ke2 Kh2 0-1

[Event "Oberliga Wuerttemberg 1920"]
[Site "Wuerttemberg"]
[Date "2020.01.19"]
[Round "6.3"]
[White "Carstens, Andreas"]
[Black "Petrova, Kristyna"]
[Result "0-1"]
[WhiteElo "2107"]
[BlackElo "2235"]
[PlyCount "78"]
[EventDate "2019.09.15"]
[EventType "team-tourn"]
[EventRounds "9"]
[EventCountry "GER"]
[SourceTitle "EXT 2021"]
[Source "ChessBase"]
[SourceDate "2020.10.23"]
[SourceVersion "1"]
[SourceVersionDate "2020.10.23"]
[SourceQuality "1"]
[WhiteTeam "Bebenhausen"]
[BlackTeam "Schwaebisch Gmuend"]
[WhiteTeamCountry "GER"]
[BlackTeamCountry "GER"]

1. e4 c5 2. Nf3 Nc6 3. d4 cxd4 4. Nxd4 e6 5. Nb5 d6 6. c4 a6 7. N5c3 Nf6 8. Be2 b6 9. Be3 Bb7 10. Nd2 Be7 11. Qb3 Nd7 12. Na4 Na5 13. Qc3 Bf6 14. Qb4 Nc5 15. 0-0 0-0 16. Rad1 Rb8 17. Rfe1 Nc6 18. Qa3 Bd4 19. Bf1 Nxa4 20. Qxa4 Bxb2 21. Nf3 Bc3 22. Re2 Qc7 23. Rb1 Ba5 24. Bf4 Ne5 25. Nxe5 dxe5 26. Bc1 Rfd8 27. Bb2 Qc5 28. Qb3 Rbc8 29. Qg3 f6 30. Ba3 Qxc4 31. Be7 Qd3 32. Re3 Qxb1 33. Bxf6 Rd7 34. Qxe5 Qxa2 35. Rg3 Rc1 36. Rxg7+ Rxg7 37. Bxg7 Rxf1+ 38. Kxf1 Qc4+ 39. Kg1 Qc1# 0-1

[Event "Oberliga Wuerttemberg 1920"]
[Site "Wuerttemberg"]
[Date "2019.12.15"]
[Round "5.3"]
[White "Carstens, Andreas"]
[Black "Kraus, Tomas"]
[Result "1-0"]
[WhiteElo "2107"]
[BlackElo "2471"]
[PlyCount "135"]
[EventDate "2019.09.15"]
[EventType "team-tourn"]
[EventRounds "9"]
[EventCountry "GER"]
[SourceTitle "EXT 2021"]
[Source "ChessBase"]
[SourceDate "2020.10.23"]
[SourceVersion "1"]
[SourceVersionDate "2020.10.23"]
[SourceQuality "1"]
[WhiteTeam "Bebenhausen"]
[BlackTeam "Weiler im Allgaeu"]
[WhiteTeamCountry "GER"]
[BlackTeamCountry "GER"]

1. e4 c5 2. Nf3 Nc6 3. Nc3 Nf6 4. d4 cxd4 5. Nxd4 d6 6. Bc4 Qb6 7. Nb3 e6 8. Bf4 Ne5 9. Be2 a6 10. Qd4 Qc7 11. Bg3 Be7 12. f4 Nc6 13. Qe3 0-0 14. 0-0-0 b5 15. Bf3 b4 16. Na4 Rb8 17. e5 dxe5 18. fxe5 Nd7 19. Rhe1 Rb5 20. Be2 Rxe5 21. Bxe5 Ncxe5 22. Nd4 Qa5 23. Qb3 Nf6 24. Bf1 Bd7 25. Nb6 Qxb6 26. Rxe5 Bd6 27. Ree1 Bxh2 28. Kb1 a5 29. Nf3 Bg3 30. Re2 Nd5 31. Ng5 Bb5 32. Re4 Bb8 33. c4 Bc6 34. cxd5 Bxd5 35. Rxd5 exd5 36. Qxd5 Qf2 37. Qd3 h6 38. Nf3 Bc7 39. Qe2 Qb6 40. Qc2 Bd6 41. Bc4 Rd8 42. Qe2 Kf8 43. Rd4 a4 44. Qd3 Be7 45. Rxd8+ Qxd8 46. Qxd8+ Bxd8 47. Ne5 Bc7 48. Nd3 Bd6 49. Kc2 f5 50. Bb5 a3 51. b3 Ke7 52. Kd2 f4 53. Nf2 Ke6 54. Kd3 g5 55. Ke4 h5 56. Be8 h4 57. Bh5 Be7 58. Bg4+ Kd6 59. Kd4 Kc6 60. Kc4 Kb6 61. Nd3 Ka5 62. Bd7 Bd6 63. Kd5 Bf8 64. Kc6 Bg7 65. Bc8 Bd4 66. Nc5 Bg7 67. Ne4 Bc3 68. Nd6 1-0

[Event "Oberliga Wuerttemberg 1920"]
[Site "Wuerttemberg"]
[Date "2019.12.01"]
[Round "4.4"]
[White "Carstens, Andreas"]
[Black "Buschle, Lukas"]
[Result "0-1"]
[WhiteElo "2107"]
[BlackElo "2114"]
[PlyCount "126"]
[EventDate "2019.09.15"]
[EventType "team-tourn"]
[EventRounds "9"]
[EventCountry "GER"]
[SourceTitle "EXT 2021"]
[Source "ChessBase"]
[SourceDate "2020.10.23"]
[SourceVersion "1"]
[SourceVersionDate "2020.10.23"]
[SourceQuality "1"]
[WhiteTeam "Bebenhausen"]
[BlackTeam "Schoenaich II"]
[WhiteTeamCountry "GER"]
[BlackTeamCountry "GER"]

1. e4 c5 2. Nf3 d6 3. d4 cxd4 4. Nxd4 Nf6 5. Nc3 a6 6. Be2 e5 7. Nb3 Be7 8. 0-0 0-0 9. a4 Be6 10. Bf3 Qc7 11. Be3 b6 12. a5 b5 13. Nd5 Nxd5 14. exd5 Bf5 15. c3 Nd7 16. Re1 Bg6 17. Bh5 Bxh5 18. Qxh5 Nf6 19. Qd1 h6 20. Qd3 Rac8 21. Rad1 Qc4 22. Nc1 Bd8 23. Ne2 Bxa5 24. Qxc4 bxc4 25. Ra1 Bc7 26. Red1 Rb8 27. Rxa6 Rxb2 28. Ng3 Rb5 29. Rc6 Nxd5 30. Rxc4 Nxe3 31. fxe3 Bb6 32. Kf2 f5 33. Kf3 Bc5 34. Rd2 Kh7 35. h3 Kg6 36. Ke2 Kf6 37. e4 g6 38. Nf1 Ke6 39. Ne3 Bxe3 40. Kxe3 fxe4 41. Rxe4 Rc8 42. c4 Rb3+ 43. Rd3 Rcb8 44. Ke2 Rb2+ 45. Kf1 Rc2 46. Kg1 Rc8 47. Rg3 g5 48. h4 R8xc4 49. Rxc4 Rxc4 50. hxg5 hxg5 51. Rxg5 Rf4 52. g3 Rf8 53. Kg2 d5 54. Rg6+ Kf5 55. Rd6 Ke4 56. g4 d4 57. Kg3 Ke3 58. g5 e4 59. g6 d3 60. Kg4 Ke2 61. g7 Rg8 62. Kf4 Rxg7 63. Kxe4 Re7+ 0-1

[Event "Oberliga Wuerttemberg 1920"]
[Site "Wuerttemberg"]
[Date "2019.10.13"]
[Round "2.3"]
[White "Mareck, Sascha"]
[Black "Carstens, Andreas"]
[Result "1-0"]
[WhiteElo "2106"]
[BlackElo "2107"]
[PlyCount "75"]
[EventDate "2019.09.15"]
[EventType "team-tourn"]
[EventRounds "9"]
[EventCountry "GER"]
[SourceTitle "EXT 2021"]
[Source "ChessBase"]
[SourceDate "2020.10.23"]
[SourceVersion "1"]
[SourceVersionDate "2020.10.23"]
[SourceQuality "1"]
[WhiteTeam "Nuertingen"]
[BlackTeam "Bebenhausen"]
[WhiteTeamCountry "GER"]
[BlackTeamCountry "GER"]

1. d4 Nf6 2. Nf3 g6 3. c4 Bg7 4. Nc3 0-0 5. e4 d6 6. Be2 e5 7. 0-0 Nc6 8. d5 Ne7 9. b4 a5 10. bxa5 c5 11. Nd2 Rxa5 12. Nb3 Ra6 13. Be3 Nd7 14. a4 f5 15. f3 f4 16. Bf2 g5 17. a5 Ng6 18. Nb5 Rf7 19. Nxd6 Rxd6 20. Nxc5 Nxc5 21. Bxc5 Bf8 22. Bf2 Rg7 23. c5 Rf6 24. Qb3 Kh8 25. Rfc1 h5 26. c6 g4 27. Qb6 Qe8 28. cxb7 Rxb6 29. bxc8Q Qxc8 30. Rxc8 Rb2 31. Kf1 Rgb7 32. a6 Rb1+ 33. Rc1 Rxc1+ 34. Rxc1 Rb2 35. a7 Ra2 36. fxg4 hxg4 37. Bxg4 Kg7 38. Bd7 1-0

[Event "Baden Wuerttemberg-ch Seniors 50+ op"]
[Site "Freudenstadt"]
[Date "2019.07.12"]
[Round "8"]
[White "Carstens, Andreas"]
[Black "Goldinger, Peter"]
[Result "1/2-1/2"]
[WhiteElo "2160"]
[BlackElo "2026"]
[PlyCount "50"]
[EventDate "2019.07.05"]
[EventType "swiss"]
[EventRounds "9"]
[EventCountry "GER"]
[SourceTitle "EXT 2020"]
[Source "ChessBase"]
[SourceDate "2019.10.17"]
[SourceVersion "1"]
[SourceVersionDate "2019.10.17"]
[SourceQuality "1"]

1. e4 e6 2. d4 d5 3. Nd2 Nf6 4. e5 Nfd7 5. c3 c5 6. Bd3 b5 7. Ne2 Qb6 8. 0-0 a5 9. f4 Be7 10. Nf3 f5 11. exf6 Nxf6 12. Kh1 Nc6 13. Be3 c4 14. Bc2 g6 15. Bg1 Qc7 16. Ne5 0-0 17. Ng3 Nxe5 18. fxe5 Ne8 19. Qg4 Ng7 20. h4 Nf5 21. h5 Nh6 22. Qe2 g5 23. Rxf8+ Bxf8 24. Be3 Qg7 25. Rf1 Be7 1/2-1/2

[Event "Baden Wuerttemberg-ch Seniors 50+ op"]
[Site "Freudenstadt"]
[Date "2019.07.07"]
[Round "3"]
[White "Mueller, Thomas2222"]
[Black "Carstens, Andreas"]
[Result "1/2-1/2"]
[WhiteElo "2027"]
[BlackElo "2160"]
[PlyCount "65"]
[EventDate "2019.07.05"]
[EventType "swiss"]
[EventRounds "9"]
[EventCountry "GER"]
[SourceTitle "EXT 2020"]
[Source "ChessBase"]
[SourceDate "2019.10.17"]
[SourceVersion "1"]
[SourceVersionDate "2019.10.17"]
[SourceQuality "1"]

1. d4 Nf6 2. Nf3 g6 3. c4 Bg7 4. Nc3 0-0 5. e4 d6 6. Be2 Nbd7 7. 0-0 e5 8. Re1 c6 9. Bf1 Re8 10. dxe5 dxe5 11. h3 Qe7 12. Qc2 Nh5 13. g3 Nc5 14. Be3 f5 15. Rad1 f4 16. Bxc5 Qxc5 17. g4 Nf6 18. a3 h5 19. b4 Qe7 20. g5 Nh7 21. h4 Bg4 22. Bg2 Nf8 23. c5 Rad8 24. Rxd8 Rxd8 25. Rd1 Ne6 26. Ne2 Kh7 27. Rd3 Bxf3 28. Bxf3 Nd4 29. Nxd4 exd4 30. Kg2 Be5 31. Qc4 Kg7 32. Bd1 Qf7 33. Bb3 1/2-1/2

[Event "Oberliga Wuerttemberg 1819"]
[Site "Wuerttemberg"]
[Date "2019.04.07"]
[Round "9.4"]
[White "Carstens, Andreas"]
[Black "Oberst, Thomas"]
[Result "1/2-1/2"]
[WhiteElo "2186"]
[BlackElo "2263"]
[PlyCount "83"]
[EventDate "2018.09.23"]
[EventType "team-tourn"]
[EventRounds "9"]
[EventCountry "GER"]
[SourceTitle "EXT 2020"]
[Source "ChessBase"]
[SourceDate "2019.10.17"]
[SourceVersion "1"]
[SourceVersionDate "2019.10.17"]
[SourceQuality "1"]
[WhiteTeam "Bebenhausen"]
[BlackTeam "Biberach"]
[WhiteTeamCountry "GER"]
[BlackTeamCountry "GER"]

1. e4 c5 2. Nf3 Nc6 3. d4 cxd4 4. Nxd4 Nf6 5. Nc3 d6 6. f3 e5 7. Nb3 Be7 8. Be3 0-0 9. Qd2 a5 10. Bb5 Be6 11. Nd5 a4 12. Bb6 Qd7 13. Na5 Bd8 14. Bxd8 Raxd8 15. Bxa4 Kh8 16. Nxf6 gxf6 17. Qh6 Rg8 18. Qxf6+ Rg7 19. Nxc6 bxc6 20. Bxc6 Qc7 21. 0-0-0 Rc8 22. Ba4 Kg8 23. Kb1 Rg6 24. Qh4 Bxa2+ 25. Kxa2 Ra8 26. Qf2 Rxa4+ 27. Kb1 Qa5 28. c3 Ra2 29. Rhf1 Qa4 30. Kc1 Qb3 31. Rd5 Ra1+ 32. Kd2 Qxb2+ 33. Kd3 Qa3 34. Rxa1 Qxa1 35. g3 Qd1+ 36. Ke3 Qc1+ 37. Qd2 Qg1+ 38. Kd3 Qf1+ 39. Qe2 Qa1 40. Qd2 Qf1+ 41. Qe2 Qa1 42. Qd2 1/2-1/2

[Event "GER CupT 1819 Round2 (1)"]
[Site "Oranienburg"]
[Date "2019.03.16"]
[Round "1.3"]
[White "Carstens, Andreas"]
[Black "Floeel, Helmut"]
[Result "1-0"]
[WhiteElo "2155"]
[BlackElo "2116"]
[PlyCount "69"]
[EventDate "2019.03.16"]
[EventType "team-k.o."]
[EventRounds "2"]
[EventCountry "GER"]
[SourceTitle "EXT 2021"]
[Source "ChessBase"]
[SourceDate "2020.10.23"]
[SourceVersion "1"]
[SourceVersionDate "2020.10.23"]
[SourceQuality "1"]
[WhiteTeam "Bebenhausen"]
[BlackTeam "Zehlendorf"]
[WhiteTeamCountry "GER"]
[BlackTeamCountry "GER"]

1. e4 c5 2. Nf3 e6 3. d4 cxd4 4. Nxd4 a6 5. Nc3 Qc7 6. Be2 Nf6 7. 0-0 Be7 8. f4 d6 9. Bf3 Nbd7 10. a4 Rb8 11. a5 b5 12. e5 dxe5 13. Nc6 exf4 14. Nxb8 Qxb8 15. Bc6 g5 16. Ne4 Qc7 17. Qf3 Nxe4 18. Bxe4 Ne5 19. Qh5 Ng6 20. Bd2 f5 21. Bc3 0-0 22. Bd3 Bb7 23. Qh6 e5 24. Rae1 Bc5+ 25. Kh1 e4 26. Qxg5 exd3 27. Re6 Rf7 28. cxd3 b4 29. Rxg6+ hxg6 30. Qxg6+ Kf8 31. Qh6+ Ke8 32. Re1+ Kd8 33. Be5 Qc6 34. Qg5+ Kc8 35. Bxf4 1-0

[Event "GER CupT 1819 prel6"]
[Site "Horben"]
[Date "2019.01.27"]
[Round "2.4"]
[White "Carstens, Andreas"]
[Black "Haenssel, Christian"]
[Result "0-1"]
[WhiteElo "2155"]
[BlackElo "2112"]
[PlyCount "150"]
[EventDate "2019.01.26"]
[EventType "team-k.o."]
[EventRounds "2"]
[EventCountry "GER"]
[SourceTitle "EXT 2021"]
[Source "ChessBase"]
[SourceDate "2020.10.23"]
[SourceVersion "1"]
[SourceVersionDate "2020.10.23"]
[SourceQuality "1"]
[WhiteTeam "Bebenhausen"]
[BlackTeam "Saarbruecken Gambit"]
[WhiteTeamCountry "GER"]
[BlackTeamCountry "GER"]

1. e4 c5 2. Nf3 d6 3. d4 cxd4 4. Nxd4 Nf6 5. Nc3 a6 6. a4 Nc6 7. Nb3 b6 8. Be2 e6 9. Bf4 Be7 10. Qd2 0-0 11. Rd1 Ne5 12. Bg3 Qc7 13. f4 Nc4 14. Qc1 Bb7 15. Rd4 Na5 16. Nxa5 bxa5 17. Bf2 e5 18. Rc4 Qd7 19. fxe5 dxe5 20. 0-0 Rac8 21. Rd1 Qe6 22. Rxc8 Rxc8 23. Bf3 Bb4 24. Nd5 Ng4 25. Ba7 Bc6 26. b3 Qg6 27. h3 Nf6 28. Nxf6+ Qxf6 29. c4 Qe7 30. Bf2 h6 31. Qc2 Qb7 32. Qe2 Be7 33. Qc2 Rb8 34. Qc3 Qxb3 35. Qxe5 Bf6 36. Qf5 Qxa4 37. Rf1 Re8 38. Bg3 Bd4+ 39. Kh2 Qxc4 40. Re1 Qb5 41. e5 Bxf3 42. gxf3 Qb2+ 43. Kh1 Bf2 44. Rb1 Qe2 45. Bxf2 Qxf2 46. Rb7 Qe1+ 47. Kg2 Qe2+ 48. Kg1 Qd1+ 49. Kg2 Qd2+ 50. Kf1 Qd5 51. Rd7 Qe6 52. Qxe6 Rxe6 53. Rd5 g5 54. Kf2 Kg7 55. f4 gxf4 56. Kf3 f6 57. exf6+ Rxf6 58. Rxa5 Kf7 59. Re5 Kf8 60. h4 Kg7 61. h5 Kf7 62. Rc5 Ke7 63. Rc7+ Kd6 64. Ra7 Kc5 65. Rg7 a5 66. Rg6 Rd6 67. Kxf4 a4 68. Ke5 Rd5+ 69. Kf4 Rxh5 70. Ra6 Kb4 71. Rb6+ Ka5 72. Rb8 a3 73. Ke4 Ka4 74. Kd3 a2 75. Ra8+ Ra5 0-1

[Event "Oberliga Wuerttemberg 1718"]
[Site "Wuerttemberg"]
[Date "2018.04.22"]
[Round "9.11"]
[White "Schmidt, Tobias"]
[Black "Carstens, Andreas"]
[Result "1-0"]
[WhiteElo "2248"]
[BlackElo "2221"]
[PlyCount "95"]
[EventDate "2017.09.17"]
[EventType "team-tourn"]
[EventRounds "9"]
[EventCountry "GER"]
[SourceTitle "EXT 2019"]
[Source "ChessBase"]
[SourceDate "2018.10.10"]
[SourceVersion "1"]
[SourceVersionDate "2018.10.10"]
[SourceQuality "1"]
[WhiteTeam "Heilbronn"]
[BlackTeam "Bebenhausen"]
[WhiteTeamCountry "GER"]
[BlackTeamCountry "GER"]

1. e4 e6 2. d4 d5 3. Nd2 Nf6 4. e5 Nfd7 5. Bd3 c5 6. c3 Nc6 7. Ndf3 cxd4 8. cxd4 Qb6 9. Ne2 f6 10. exf6 Nxf6 11. 0-0 Bd6 12. Nc3 a6 13. Re1 0-0 14. Bg5 Bd7 15. Na4 Qc7 16. Rc1 Ng4 17. g3 h6 18. Be3 Rf6 19. Nh4 Nxe3 20. Rxe3 g5 21. Rf3 Raf8 22. Rxf6 Rxf6 23. Ng2 Be8 24. Ne3 Qg7 25. Nc5 h5 26. Nb3 Rf8 27. Qd2 Qf6 28. Rf1 Kg7 29. Bb1 Bb8 30. Qd3 Rh8 31. Nc5 Rh6 32. Re1 Nxd4 33. Nxe6+ Nxe6 34. Nf5+ Kf8 35. Nxh6 Qxh6 36. Qxd5 Ng7 37. Qxb7 Qd6 38. Bh7 Bc7 39. Qf3+ Bf7 40. Rd1 Qe6 41. Qa3+ Qe7 42. Qxa6 Ne6 43. Bf5 Nc5 44. Qh6+ Ke8 45. Qh8+ Qf8 46. Re1+ Ne6 47. Qxf8+ Kxf8 48. Bxe6 1-0

[Event "GER Seniors Derby 17th"]
[Site "Wesel Undeloh"]
[Date "2018.03.17"]
[Round "6"]
[White "Deutschmann, Matthias"]
[Black "Carstens, Andreas"]
[Result "1/2-1/2"]
[WhiteElo "2165"]
[BlackElo "2220"]
[PlyCount "29"]
[EventDate "2018.03.15"]
[EventType "swiss"]
[EventRounds "7"]
[EventCountry "GER"]
[SourceTitle "EXT 2019"]
[Source "ChessBase"]
[SourceDate "2018.10.10"]
[SourceVersion "1"]
[SourceVersionDate "2018.10.10"]
[SourceQuality "1"]

1. c4 g6 2. Nc3 Bg7 3. g3 d6 4. Bg2 e5 5. d3 Nc6 6. e4 h5 7. h4 Nd4 8. Nce2 Ne6 9. Nh3 Ne7 10. Ng5 f6 11. Nxe6 Bxe6 12. b3 c5 13. Be3 Qd7 14. Qd2 Nc6 15. Nc3 1/2-1/2

[Event "Oberliga Wuerttemberg 1718"]
[Site "Wuerttemberg"]
[Date "2017.10.22"]
[Round "3"]
[White "Carstens, Andreas"]
[Black "Petrova, Kristyna"]
[Result "0-1"]
[WhiteElo "2221"]
[BlackElo "2262"]
[PlyCount "86"]
[EventDate "2017.09.17"]
[EventType "team-tourn"]
[EventRounds "9"]
[EventCountry "GER"]
[SourceTitle "EXT 2019"]
[Source "ChessBase"]
[SourceDate "2018.10.10"]
[SourceVersion "1"]
[SourceVersionDate "2018.10.10"]
[SourceQuality "1"]
[WhiteTeam "Bebenhausen"]
[BlackTeam "Schwaebisch Gmuend"]
[WhiteTeamCountry "GER"]
[BlackTeamCountry "GER"]

1. e4 c5 2. Nf3 Nc6 3. d4 cxd4 4. Nxd4 Nf6 5. Nc3 d6 6. Bg5 e6 7. Qd2 a6 8. 0-0-0 Bd7 9. f4 b5 10. Nxc6 Bxc6 11. Bd3 Be7 12. Rhe1 h6 13. Bxf6 Bxf6 14. Nd5 0-0 15. Nxf6+ Qxf6 16. e5 dxe5 17. Rxe5 Bxg2 18. Rg1 Bh3 19. Qe3 Bf5 20. Bxf5 exf5 21. Qh3 Rfe8 22. Rxf5 Qe6 23. b3 Rac8 24. Qg3 Rxc2+ 25. Kb1 Rg2 26. Rxg2 Qxf5+ 27. Kb2 g6 28. Rd2 Qf6+ 29. Qc3 Qxf4 30. a3 Kh7 31. Rc2 Re6 32. Qc8 Qf6+ 33. Ka2 Re1 34. Rc3 Qf2+ 35. Rc2 Qd4 36. Qc3 Qxc3 37. Rxc3 Re2+ 38. Kb1 Rxh2 39. Rc6 g5 40. Rxa6 g4 41. Rf6 g3 42. Rxf7+ Kg6 43. Rf3 g2 0-1

[Event "Oberliga Wuerttemberg 1718"]
[Site "Wuerttemberg"]
[Date "2017.10.08"]
[Round "2"]
[White "Trachtmann, Mark"]
[Black "Carstens, Andreas"]
[Result "1-0"]
[WhiteElo "2273"]
[BlackElo "2221"]
[PlyCount "63"]
[EventDate "2017.09.17"]
[EventType "team-tourn"]
[EventRounds "9"]
[EventCountry "GER"]
[SourceTitle "EXT 2019"]
[Source "ChessBase"]
[SourceDate "2018.10.10"]
[SourceVersion "1"]
[SourceVersionDate "2018.10.10"]
[SourceQuality "1"]
[WhiteTeam "Schmiden Cannstatt"]
[BlackTeam "Bebenhausen"]
[WhiteTeamCountry "GER"]
[BlackTeamCountry "GER"]

1. d4 Nf6 2. c4 g6 3. Nc3 Bg7 4. e4 d6 5. Be2 0-0 6. Be3 e5 7. d5 Na6 8. g4 Nc5 9. Bf3 a5 10. h4 Bd7 11. g5 Ne8 12. h5 f5 13. gxf6 Nxf6 14. hxg6 hxg6 15. Qe2 a4 16. Nh3 Nh7 17. 0-0-0 a3 18. b3 Qc8 19. Ng5 Nxg5 20. Bxg5 Rxf3 21. Qxf3 Bg4 22. Qg3 Bxd1 23. Rxd1 Qf8 24. Be3 Qf7 25. Rg1 Kh7 26. Kc2 Nd7 27. Nb5 Nf6 28. Nxc7 Qxc7 29. Qxg6+ Kh8 30. Bh6 Bxh6 31. Qxf6+ Bg7 32. Qe6 1-0

[Event "Oberliga Wuerttemberg 1718"]
[Site "Wuerttemberg"]
[Date "2017.09.17"]
[Round "1.3"]
[White "Fischer, Andre"]
[Black "Carstens, Andreas"]
[Result "1/2-1/2"]
[WhiteElo "2281"]
[BlackElo "2221"]
[PlyCount "51"]
[EventDate "2017.09.17"]
[EventType "team-tourn"]
[EventRounds "9"]
[EventCountry "GER"]
[SourceTitle "EXT 2019"]
[Source "ChessBase"]
[SourceDate "2018.10.10"]
[SourceVersion "1"]
[SourceVersionDate "2018.10.10"]
[SourceQuality "1"]
[WhiteTeam "Biberach"]
[BlackTeam "Bebenhausen"]
[WhiteTeamCountry "GER"]
[BlackTeamCountry "GER"]

1. e4 e6 2. d4 d5 3. Nc3 Bb4 4. e5 c5 5. a3 Bxc3+ 6. bxc3 Qa5 7. Bd2 Qa4 8. Qb1 c4 9. h4 Nc6 10. h5 h6 11. Nf3 Bd7 12. Be2 0-0-0 13. 0-0 f6 14. Re1 Be8 15. Nh4 fxe5 16. dxe5 Nge7 17. Bg4 Bd7 18. Nf3 Qa5 19. Qc1 Rhf8 20. Nd4 Nxd4 21. cxd4 c3 22. Be3 Nf5 23. f3 Kb8 24. Bf2 Rc8 25. Qd1 Rc4 26. Bxf5 1/2-1/2

[Event "Reutlingen op 22nd"]
[Site "Reutlingen"]
[Date "2017.06.04"]
[Round "4"]
[White "Lanka, Zigurds"]
[Black "Carstens, Andreas"]
[Result "1-0"]
[WhiteElo "2504"]
[BlackElo "2248"]
[PlyCount "93"]
[EventDate "2017.06.02"]
[EventType "swiss"]
[EventRounds "7"]
[EventCountry "GER"]
[SourceTitle "CBM 179 Extra"]
[Source "ChessBase"]
[SourceDate "2017.08.23"]
[SourceVersion "1"]
[SourceVersionDate "2017.08.23"]
[SourceQuality "1"]

1. e4 e6 2. d4 d5 3. Nc3 Bb4 4. e5 c5 5. a3 Bxc3+ 6. bxc3 Qc7 7. Nf3 b6 8. Bb5+ Bd7 9. Bd3 Ba4 10. 0-0 Ne7 11. h4 Nd7 12. h5 h6 13. Re1 0-0-0 14. Ra2 Kb7 15. Nd2 Nc6 16. Qg4 Rhg8 17. Nf1 cxd4 18. cxd4 Na5 19. Ne3 Nc4 20. Bxc4 dxc4 21. Qf3+ Kb8 22. Qxf7 Qc6 23. Qe7 Rde8 24. Qh4 Bb5 25. c3 Ba6 26. Ng4 Bb7 27. f3 Qa4 28. Qf2 Bd5 29. Qc2 Qxc2 30. Rxc2 Kb7 31. a4 Nb8 32. Ne3 Rd8 33. Ba3 Rd7 34. Bd6 Kc6 35. Rb2 a6 36. f4 Rb7 37. f5 Nd7 38. Ba3 b5 39. a5 Nf8 40. Rf2 Nh7 41. Nc2 Ng5 42. fxe6 Bxe6 43. Nb4+ Kd7 44. d5 Bg4 45. Nxa6 Ke8 46. e6 Bxh5 47. d6 1-0

[Event "Reutlingen op 22nd"]
[Site "Reutlingen"]
[Date "2017.06.03"]
[Round "2"]
[White "Dreyer, Andre"]
[Black "Carstens, Andreas"]
[Result "0-1"]
[WhiteElo "1876"]
[BlackElo "2248"]
[PlyCount "146"]
[EventDate "2017.06.02"]
[EventType "swiss"]
[EventRounds "7"]
[EventCountry "GER"]
[SourceTitle "CBM 179 Extra"]
[Source "ChessBase"]
[SourceDate "2017.08.23"]
[SourceVersion "1"]
[SourceVersionDate "2017.08.23"]
[SourceQuality "1"]

1. d4 Nf6 2. c4 g6 3. Nc3 Bg7 4. e4 d6 5. f3 0-0 6. Be3 Nc6 7. Qd2 a6 8. Nge2 Rb8 9. Rc1 Bd7 10. d5 Ne5 11. Nd4 c5 12. dxc6 bxc6 13. b3 Ne8 14. Be2 c5 15. Nc2 Nc7 16. 0-0 Ne6 17. Nd5 Nc6 18. Bd3 Ned4 19. Nxd4 Nxd4 20. Bh6 Bc6 21. Bxg7 Kxg7 22. f4 e6 23. Ne3 f5 24. exf5 gxf5 25. Nc2 Qf6 26. Nxd4 Qxd4+ 27. Rf2 Kf6 28. Bf1 Qxd2 29. Rxd2 Rfd8 30. Rcd1 Ke7 31. Rd3 h6 32. Rh3 Rh8 33. Rhd3 Rbd8 34. Rg3 Rhg8 35. Rxg8 Rxg8 36. Kf2 a5 37. Rd3 e5 38. fxe5 dxe5 39. g3 Rb8 40. Be2 Rb4 41. g4 fxg4 42. Bxg4 a4 43. Bd1 axb3 44. axb3 Rb8 45. Rh3 Rf8+ 46. Ke3 Rf6 47. Rh5 Kd6 48. Rh3 Bd7 49. Rg3 Bf5 50. Rf3 Ke6 51. Rf2 Rf7 52. Rd2 Rd7 53. Rxd7 Kxd7 54. Kd2 Kd6 55. Kc3 Bd7 56. b4 cxb4+ 57. Kxb4 Bc6 58. Kc3 Kc5 59. Bg4 Bg2 60. Be2 Bh3 61. Bf3 Bf1 62. Bd5 Be2 63. Bf7 e4 64. Be6 Bf1 65. Bd5 e3 66. Be6 Kd6 67. Bf7 Ke5 68. c5 Bb5 69. Bg8 Ke4 70. Kc2 Kf3 71. Kd1 Kf2 72. c6 e2+ 73. Kc2 Bxc6 0-1